000 00871nam a22002537a 4500
001 9985
003 FISKH
005 20260324091858.0
008 260324b cb ||||| |||| 00| 0 eng d
020 _a9780755456994
040 _aFISKH
_beng
_cFISKH
_dFISKH
082 _a567.9
100 _aAnonymous
245 _aDino a sparkle board book /
260 _aNorth Parage :
_bFrederick,
_c2006.
300 _a10 unnumbered pages :
_bcolor illustrations ;
_c23 cm
505 _aD
520 _aA bright and playful board book that introduces a friendly dinosaur through colorful illustrations, simple words, and sparkling textures that engage young children’s senses.
521 8 _a160
_bLexile estimate
521 8 _aD
_bRaz-Plus
650 _aDinosaurs — Juvenile fiction Board books Toy and movable books
942 _2ddc
_cBK
_n0
999 _c9985
_d9985